[Event "EUR-chT Seniors 65"]
[Site "Mali Losinj"]
[Date "2019.09.23"]
[Round "6.3"]
[White "Jorgensen, Arne Bjorn"]
[Black "Van de Wynkele, Herman"]
[Result "1/2-1/2"]
[WhiteElo "1996"]
[BlackElo "2085"]
[PlyCount "93"]
[EventDate "2019.09.18"]
[EventType "team-swiss"]
[EventRounds "9"]
[EventCountry "CRO"]
[SourceTitle "EXT 2020"]
[Source "ChessBase"]
[SourceDate "2019.10.17"]
[SourceVersion "1"]
[SourceVersionDate "2019.10.17"]
[SourceQuality "1"]
[WhiteTeam "Denmark SK 2012 65"]
[BlackTeam "Belgium 65"]
[WhiteTeamCountry "DEN"]
[BlackTeamCountry "BEL"]

1. d4 Nf6 2. c4 c5 3. d5 b5 4. Qc2 Na6 5. a3 Nc7 6. e4 bxc4 7. Bxc4 e6 8. Nc3 Bb7 9. Qd3 exd5 10. exd5 Bd6 11. Nf3 Qe7+ 12. Be3 0-0 13. 0-0 Ng4 14. Rfe1 f5 15. Bf4 Qf6 16. Bxd6 Qxd6 17. Re2 g6 18. Rd1 Rae8 19. Rde1 Rxe2 20. Rxe2 Kg7 21. Re1 Re8 22. Rxe8 Nxe8 23. Nb5 Qf6 24. h3 Ne5 25. Nxe5 Qxe5 26. Nxa7 Nd6 27. Nb5 Nxc4 28. Qxc4 Qxd5 29. Qxd5 Bxd5 30. f4 Kf6 31. Kf2 Ke7 32. g3 Bc6 33. Nc3 d5 34. Ne2 Kd6 35. Ng1 d4 36. Nf3 Bxf3 37. Kxf3 c4 38. Ke2 Kd5 39. Kd2 Ke4 40. h4 Kf3 41. Kd1 Ke4 42. Kd2 Kd5 43. Kc2 Ke4 44. Kd2 d3 45. a4 Kd4 46. a5 Kc5 47. b4+ 1/2-1/2

[Event "DEN-ch Seniors 65+"]
[Site "Odder"]
[Date "2019.02.16"]
[Round "6"]
[White "Jorgensen, Arne Bjorn"]
[Black "Matras, Ove"]
[Result "1/2-1/2"]
[WhiteElo "2001"]
[BlackElo "1826"]
[PlyCount "45"]
[EventDate "2019.02.11"]
[EventType "swiss"]
[EventRounds "7"]
[EventCountry "DEN"]
[SourceTitle "CBM 189 Extra"]
[Source "ChessBase"]
[SourceDate "2019.06.03"]
[SourceVersion "1"]
[SourceVersionDate "2019.06.03"]
[SourceQuality "1"]

1. d4 Nf6 2. Nf3 g6 3. c4 Bg7 4. Nc3 c6 5. e4 d6 6. h3 a6 7. Be2 0-0 8. 0-0 b5 9. a3 Bb7 10. Qc2 Nbd7 11. Bf4 bxc4 12. Bxc4 d5 13. Ba2 dxe4 14. Nxe4 Nd5 15. Bg3 Qb6 16. Nc5 Nxc5 17. dxc5 Qd8 18. Rad1 e6 19. Ne5 f5 20. Nf3 f4 21. Bh2 Qf6 22. Rfe1 Rad8 23. Bc4 1/2-1/2

[Event "EU-chT Seniors 65"]
[Site "Walbrzych"]
[Date "2018.04.14"]
[Round "1.3"]
[White "Jorgensen, Arne Bjorn"]
[Black "Tunik, Gennady"]
[Result "0-1"]
[WhiteElo "1956"]
[BlackElo "2351"]
[PlyCount "100"]
[EventDate "2018.04.14"]
[EventType "team-swiss"]
[EventRounds "9"]
[EventCountry "POL"]
[SourceTitle "CBM 184 Extra"]
[Source "ChessBase"]
[SourceDate "2018.06.28"]
[SourceVersion "1"]
[SourceVersionDate "2018.06.28"]
[SourceQuality "1"]
[WhiteTeam "Denmark SK 2012 65"]
[BlackTeam "Russia 65"]
[WhiteTeamCountry "DEN"]
[BlackTeamCountry "RUS"]

1. d4 Nf6 2. Nf3 e6 3. g3 b6 4. Bg2 Bb7 5. 0-0 c5 6. c4 cxd4 7. Nxd4 Qc8 8. b3 Bxg2 9. Kxg2 Qb7+ 10. Kg1 a6 11. Bb2 Be7 12. Nc3 0-0 13. e3 d6 14. Qf3 Qxf3 15. Nxf3 Nbd7 16. Rfd1 Rfc8 17. Kg2 Nc5 18. Nd4 g6 19. f3 Rab8 20. Rac1 Bf8 21. Nde2 Nfd7 22. f4 f5 23. Kf3 Kf7 24. e4 b5 25. cxb5 axb5 26. b4 Nxe4 27. Nxe4 fxe4+ 28. Kxe4 d5+ 29. Kf3 Bxb4 30. Nd4 Bc5 31. Re1 Bxd4 32. Bxd4 Rc4 33. Bf2 Ra8 34. Rb1 Rc3+ 35. Kg4 Nf6+ 36. Kh3 Ne4 37. Bg1 g5 38. Rxb5 gxf4 39. Rf1 f3 40. Bd4 Rd3 41. Rb7+ Kg6 42. Be5 Rxa2 43. g4 h5 44. Rc1 Nf2+ 45. Kh4 Nxg4 46. Bg3 Ra4 47. Kh3 Nh6 48. Rc6 Re4 49. Rcc7 Nf5 50. Rc8 Nxg3 0-1

[Event "EU-chT Seniors"]
[Site "Vienna"]
[Date "2015.07.12"]
[Round "1.8"]
[White "Pruefer, Friedbert"]
[Black "Jorgensen, Arne Bjorn"]
[Result "1/2-1/2"]
[WhiteElo "2224"]
[BlackElo "1978"]
[PlyCount "32"]
[EventDate "2015.07.12"]
[EventType "team-swiss"]
[EventRounds "9"]
[EventCountry "AUT"]
[SourceTitle "EXT 2018"]
[Source "ChessBase"]
[SourceDate "2017.10.13"]
[SourceVersion "1"]
[SourceVersionDate "2017.10.13"]
[SourceQuality "1"]
[WhiteTeam "Leipzig Schachfreunde"]
[BlackTeam "Denmark"]
[WhiteTeamCountry "GER"]
[BlackTeamCountry "DEN"]

1. d4 f5 2. e4 fxe4 3. Nc3 Nf6 4. Bg5 c6 5. f3 d5 6. fxe4 dxe4 7. Bc4 Bf5 8. Nge2 Nbd7 9. 0-0 e6 10. Ng3 Qb6 11. Nxf5 exf5 12. Rxf5 0-0-0 13. Qd2 h6 14. Bh4 Bd6 15. Ne2 Rde8 16. Bb3 Rhf8 1/2-1/2

[Event "DEN-ch Seniors 65"]
[Site "Randers"]
[Date "2015.02.07"]
[Round "1"]
[White "Jorgensen, Arne Bjorn"]
[Black "Ehlers, Kjeld"]
[Result "1-0"]
[WhiteElo "1993"]
[BlackElo "1538"]
[PlyCount "97"]
[EventDate "2015.02.07"]
[EventType "swiss"]
[EventRounds "7"]
[EventCountry "DEN"]
[SourceTitle "EXT 2016"]
[Source "ChessBase"]
[SourceDate "2015.10.08"]
[SourceVersion "1"]
[SourceVersionDate "2015.10.08"]
[SourceQuality "1"]

1. d4 Nf6 2. Nf3 e6 3. c4 Be7 4. Nc3 d5 5. e3 a6 6. a3 dxc4 7. Bxc4 b5 8. Bd3 Bb7 9. 0-0 0-0 10. Qe2 Nbd7 11. Rd1 c5 12. dxc5 Bxc5 13. b4 Bb6 14. Bb2 Qe7 15. h3 Rfd8 16. Rac1 Bxf3 17. Qxf3 Ne5 18. Qe2 Nxd3 19. Rxd3 Rxd3 20. Qxd3 Rd8 21. Qc2 h6 22. Ne4 Nxe4 23. Qxe4 f6 24. Rc6 Rd1+ 25. Kh2 Bc7+ 26. g3 Rd6 27. Rc2 Rd5 28. Bd4 f5 29. Qf3 Qf7 30. Qe2 e5 31. Bb2 f4 32. exf4 exf4 33. Rxc7 fxg3+ 34. Kg2 Qxc7 35. Qe8+ Kh7 36. Qe4+ Kh8 37. Qxd5 gxf2 38. Qd4 Qc6+ 39. Kxf2 Qc2+ 40. Ke3 Qc7 41. Qxg7+ Qxg7 42. Bxg7+ Kxg7 43. Kd4 Kf6 44. Kc5 Kf5 45. Kb6 Kf4 46. Kxa6 Kg3 47. Kxb5 Kxh3 48. a4 h5 49. a5 1-0

[Event "WchT Seniors 65"]
[Site "Vilnius"]
[Date "2014.07.20"]
[Round "8.3"]
[White "Jorgensen, Arne Bjorn"]
[Black "Petraitis, Gintautas"]
[Result "1/2-1/2"]
[WhiteElo "2000"]
[BlackElo "1898"]
[PlyCount "37"]
[EventDate "2014.07.13"]
[EventType "team-swiss"]
[EventRounds "9"]
[EventCountry "LTU"]
[SourceTitle "CBM 161 Extra"]
[Source "ChessBase"]
[SourceDate "2014.08.29"]
[SourceVersion "1"]
[SourceVersionDate "2014.08.29"]
[SourceQuality "1"]
[WhiteTeam "Denmark"]
[BlackTeam "Lithuania"]
[WhiteTeamCountry "DEN"]
[BlackTeamCountry "LTU"]

1. d4 Nf6 2. Nf3 e6 3. c4 d5 4. Nc3 c5 5. Bf4 cxd4 6. Nxd4 a6 7. e3 Bd6 8. Bxd6 Qxd6 9. Be2 0-0 10. cxd5 exd5 11. 0-0 Nc6 12. Bf3 Rd8 13. h3 Ne5 14. Qe2 b5 15. a3 Bb7 16. Rfd1 Nxf3+ 17. Nxf3 Qe7 18. Rd4 Ne4 19. Nxe4 1/2-1/2

[Event "WchT Seniors 65"]
[Site "Vilnius"]
[Date "2014.07.18"]
[Round "6.3"]
[White "Jorgensen, Arne Bjorn"]
[Black "Mishuchkov, Nikolai Mikhailovic"]
[Result "0-1"]
[WhiteElo "2000"]
[BlackElo "2318"]
[PlyCount "90"]
[EventDate "2014.07.13"]
[EventType "team-swiss"]
[EventRounds "9"]
[EventCountry "LTU"]
[SourceTitle "CBM 161 Extra"]
[Source "ChessBase"]
[SourceDate "2014.08.29"]
[SourceVersion "1"]
[SourceVersionDate "2014.08.29"]
[SourceQuality "1"]
[WhiteTeam "Denmark"]
[BlackTeam "St Petersburg"]
[WhiteTeamCountry "DEN"]
[BlackTeamCountry "RUS"]

1. d4 Nf6 2. Nf3 e6 3. c4 Bb4+ 4. Bd2 Bxd2+ 5. Qxd2 d5 6. e3 0-0 7. Nc3 Qe7 8. Bd3 dxc4 9. Bxc4 c5 10. Qe2 Nc6 11. 0-0 Rd8 12. Rfd1 Bd7 13. a3 Rac8 14. d5 exd5 15. Nxd5 Nxd5 16. Bxd5 Bg4 17. Bxc6 Rxc6 18. h3 Bxf3 19. Rxd8+ Qxd8 20. Qxf3 g6 21. Rd1 Qf6 22. Qxf6 Rxf6 23. Kf1 Kf8 24. Ke2 Ke7 25. f3 Rb6 26. Rd2 Rb3 27. e4 c4 28. Rc2 b5 29. Kd1 Ke6 30. Kc1 Ke5 31. Rd2 Rd3 32. Re2 g5 33. Kc2 h5 34. Kc1 f6 35. Kc2 a5 36. Re1 h4 37. Re2 b4 38. axb4 axb4 39. Re1 b3+ 40. Kc1 c3 41. bxc3 Rxc3+ 42. Kb1 Rc2 43. Re3 Rxg2 44. Rxb3 Rg3 45. Rb5+ Ke6 0-1

[Event "Wch Seniors 23rd"]
[Site "Opatija"]
[Date "2013.11.20"]
[Round "8"]
[White "Jorgensen, Arne Bjorn"]
[Black "Borensztajn, David"]
[Result "1/2-1/2"]
[WhiteElo "1999"]
[BlackElo "1869"]
[PlyCount "22"]
[EventDate "2013.11.12"]
[EventType "swiss"]
[EventRounds "11"]
[EventCountry "CRO"]
[SourceTitle "CBM 157 Extra"]
[Source "ChessBase"]
[SourceDate "2013.12.19"]
[SourceVersion "1"]
[SourceVersionDate "2013.12.19"]
[SourceQuality "1"]

1. Nf3 d5 2. d4 Nf6 3. c4 c6 4. Nc3 dxc4 5. e3 Bf5 6. Bxc4 e6 7. 0-0 Bb4 8. Qb3 Qe7 9. a3 Bd6 10. Re1 Ne4 11. Nxe4 Bxe4 1/2-1/2

[Event "Wch Seniors 23rd"]
[Site "Opatija"]
[Date "2013.11.19"]
[Round "7"]
[White "Singer, Hans"]
[Black "Jorgensen, Arne Bjorn"]
[Result "1-0"]
[WhiteElo "2177"]
[BlackElo "1999"]
[PlyCount "69"]
[EventDate "2013.11.12"]
[EventType "swiss"]
[EventRounds "11"]
[EventCountry "CRO"]
[SourceTitle "CBM 157 Extra"]
[Source "ChessBase"]
[SourceDate "2013.12.19"]
[SourceVersion "1"]
[SourceVersionDate "2013.12.19"]
[SourceQuality "1"]

1. d4 Nf6 2. c4 g6 3. Nc3 Bg7 4. e4 d6 5. Nf3 0-0 6. Be2 c5 7. d5 e6 8. h3 exd5 9. exd5 Re8 10. 0-0 Nbd7 11. Bg5 h6 12. Be3 a6 13. Qd2 Kh7 14. Bd3 Ne5 15. Nxe5 Rxe5 16. Rab1 Rh5 17. Rfe1 Bxh3 18. gxh3 Rxh3 19. Bf1 Rh5 20. Bg2 Ng4 21. Ne2 Nxe3 22. Qxe3 Qh4 23. Qf4 Qd8 24. Ng3 Rh4 25. Qxf7 Qg5 26. Re7 Rg8 27. Ne4 Rxe4 28. Rxe4 Rf8 29. Qe7 Qf5 30. Rf1 Kh8 31. Qe6 Qh5 32. Qg4 Qxg4 33. Rxg4 g5 34. f4 Bd4+ 35. Kh1 1-0

[Event "EU-ch Seniors 13th"]
[Site "Plovdiv"]
[Date "2013.03.13"]
[Round "3"]
[White "Jorgensen, Arne Bjorn"]
[Black "Grabow, Pouelsten Holm"]
[Result "1/2-1/2"]
[WhiteElo "1993"]
[BlackElo "2145"]
[PlyCount "33"]
[EventDate "2013.03.11"]
[EventType "swiss"]
[EventRounds "9"]
[EventCountry "BUL"]
[SourceTitle "CBM 153 Extra"]
[Source "ChessBase"]
[SourceDate "2013.04.22"]
[SourceVersion "1"]
[SourceVersionDate "2013.04.22"]
[SourceQuality "1"]

1. e4 e6 2. d4 d5 3. exd5 exd5 4. Nf3 Nf6 5. Bd3 Bd6 6. 0-0 0-0 7. Bg5 Bg4 8. Nbd2 Nbd7 9. h3 Bh5 10. Re1 Re8 11. Rxe8+ Qxe8 12. Qe1 Bg6 13. Bxg6 hxg6 14. Bxf6 gxf6 15. c3 Nf8 16. Qxe8 Rxe8 17. Kf1 1/2-1/2